| 000 | nam a22 a 4500 | ||
|---|---|---|---|
| 999 |
_c186989 _d186989 |
||
| 003 | BLK | ||
| 005 | 20230322084900.0 | ||
| 008 | 180411b bul|||||r ||||||| ||bul|| | ||
| 010 | _aKNG00195993000 | ||
| 040 | _aBLK | ||
| 041 |
_aBUL _cBUL |
||
| 080 |
_aОбщи въпроси на дидактиката и методиката _b37.02 _x(075.8) _z37.02(075.8) |
||
| 100 | 1 |
_aПетров, Петър Диков _eпърви автор _9366242 |
|
| 139 |
_aПетров, Петър Диков _bП 47 |
||
| 245 | 1 | 0 |
_aДидактика _bУчебник за студентите от СУ Св. Климент Охридски _cПетър Диков Петров. |
| 257 | _aBGR | ||
| 260 |
_aСофия _bУнив. изд. Св. Климент Охридски _c1992 |
||
| 300 |
_a379 с. _c24 см |
||
| 380 | _a3 | ||
| 500 | _aБиблиогр.: с. 354-36.- 5 065 тир. | ||
| 650 | 4 |
_aДидактика - учебници за ВУЗ _9247958 |
|
| 852 |
_aЦб 170689 _bЦб |
||
| 856 | 4 |
_qpdf _i0.00 _ldisable |
|
| 856 | 4 |
_qpdf _i0.00 _ldisable |
|
| 942 |
_cKNG _n0 _011 _s1 |
||
| 944 |
_aCR _c14.11.2016 _kПравда_Бадева |
||
| 944 |
_aED _c14.11.2016 _kПравда_Бадева |
||
| 999 | _d186989 | ||
| 999 | _d186989 | ||